| 000 | 00549nam a2200181Ia 4500 | ||
|---|---|---|---|
| 001 | 20834 | ||
| 005 | 20260306172834.0 | ||
| 008 | 260306t2025||||xx |||||||||||||| ||spa|| | ||
| 041 | _aESP | ||
| 082 |
_a343.8 _bF62 |
||
| 100 |
_aFlores Gallegos, Jorge, _eAUT |
||
| 245 | 0 |
_aTratamiento tributario de los medios de pago exigidos en la bancarización : _bnuevas disposiciones y sus implicancias tributarias - Casos prácticos |
|
| 260 | _c2025 | ||
| 300 |
_a334 páginas : _c24 cm. |
||
| 650 | _aGEN | ||
| 654 | _aCDE | ||
| 942 |
_cLIB _dJUS _fJUS _2ddc _n |
||
| 999 |
_c20834 _d20834 |
||